000 00386nam a2200145Ia 4500
008 230917s9999||||xx |||||||||||||| ||und||
040 _e105538
_aMAIN
041 _aEnglish
082 _a323.4 C499C
100 _aElliot, Carolyn M ,ed
245 0 _aCivil society and democracy: a reader
260 _aNew Delhi
_bOxford University Press
_c2003
300 _axi,508p p.
942 _cBK
999 _c110234
_d110234